Economics for advanced level and undergraduate students/
محفوظ في:
| المؤلف الرئيسي: | |
|---|---|
| التنسيق: | كتاب |
| منشور في: |
Dar es Salaam :
Mkuki na Nyota Publishers Ltd,
c2004.
|
| الموضوعات: | |
| الوسوم: |
إضافة وسم
لا توجد وسوم, كن أول من يضع وسما على هذه التسجيلة!
|
MARC
| LEADER | 00000cam a2200000 a 4500 | ||
|---|---|---|---|
| 020 | |a 9987417159 |c TZS 5,000 | ||
| 040 | |a MUL |b eng |e AACR | ||
| 082 | 0 | 0 | |a 330 .0711 BIL |
| 100 | 1 | |a Bilame, Odass. | |
| 245 | 1 | 0 | |a Economics for advanced level and undergraduate students/ |c Odass Bilame. |
| 260 | |a Dar es Salaam : |b Mkuki na Nyota Publishers Ltd, |c c2004. | ||
| 300 | |a [3], 95 P. : |b ill. ; |c 23 cm. | ||
| 500 | |a Includes references | ||
| 504 | |a Includes bibliographical references. | ||
| 650 | 0 | |a Economics. | |
| 942 | |c BK | ||
| 999 | |c 7885 |d 7885 | ||